000 00315 a2200121 4500
001 146850
040 _cEscola São Tomás de Aquino
100 _aSTEVENSON, Robert Louis
240 1 0 _aRaptado
_lpor
245 1 0 _aRaptado
697 _aCaricaturas, desenho animado, cômico, fotonovelas / Quadrinhos
942 _cBK
999 _c146850
_d146850